| 000 | 00828cam a22002295a 4500 | ||
|---|---|---|---|
| 001 | 13724432 | ||
| 005 | 20260422152147.0 | ||
| 008 | 040920s2004 nyu b 001 0 eng d | ||
| 020 | _a0066212340 | ||
| 020 | _a9780066212340 | ||
| 050 | 0 | 0 |
_aGV943.9.S64 _bF64 2004 |
| 082 | 0 | 0 |
_a796.334 _222 |
| 100 | 1 | _aFoer, Franklin. | |
| 245 | 1 | 0 |
_aHow soccer explains the world : _ban unlikely theory of globalization / _cFranklin Foer. |
| 260 |
_aNew York : _bHarperCollins, _cc2004. |
||
| 300 |
_a261 p. ; _c24 cm. |
||
| 650 | 0 |
_aSoccer _xSocial aspects. |
|
| 650 | 0 | _aSports and globalization. | |
| 856 | 4 | 2 |
_3Contributor biographical information _uhttp://www.loc.gov/catdir/enhancements/fy0911/2004302420-b.html |
| 856 | 4 | 2 |
_3Publisher description _uhttp://www.loc.gov/catdir/enhancements/fy0911/2004302420-d.html |
| 942 |
_2lcc _cBK _n0 |
||
| 999 |
_c9518 _d9518 |
||